Cartilla laboral Teora̕ y prc̀tica. Medidas laborales, seguridad social y nm̤ina electrn̤ica /

Detalles Bibliográficos
Autor principal: Angulo Guiza, Uriel Guillermo
Otros Autores: Rivera Zr̀ate, Diego Fernando, Rivera Přez, Diana Marcela
Formato: eBook
Lenguaje:español
Publicado: Bogot:̀ Ediciones de la U, 2022
Materias:
Acceso en línea:Acceso restringido

MARC

LEADER 00000nam a22000007a 4500
005 20220921004222.0
007 cr|||| ||||
008 220921s2022 co |||||s|||| 00||0 spa d
020 |a 978-958-792-341-4 
035 |a 37245 
040 |a vLex 
090 |c 14006  |d 14006 
100 1 |a Angulo Guiza, Uriel Guillermo 
245 1 0 |a Cartilla laboral  |h [Recurso electrn̤ico] :  |b Teora̕ y prc̀tica. Medidas laborales, seguridad social y nm̤ina electrn̤ica /  |c Uriel Guillermo Angulo Guiza, Diego Fernando Rivera Zr̀ate, Diana Marcela Rivera Přez 
256 |a Servicio en ln̕ea 
260 |a Bogot:̀  |b Ediciones de la U,  |c 2022 
300 |a 1 recurso electrn̤ico 
506 1 |a Disponible solo en los productos indicados  |d vLex Global  |d vLex Global (Academic Edition, excluding Law Schools)  |d vLex Global (U.S. Academic Edition, Law Schools)  |d vLex Global (U.S. Academic Edition, excluding Law Schools)  |d vLex Global (Academic Edition, Law Schools) 
650 0 4 |a Derecho Laboral y Seguridad Social  |z Colombia 
700 1 |a Rivera Zr̀ate, Diego Fernando 
700 1 |a Rivera Přez, Diana Marcela 
740 0 |a vLex Libros (Servicio en ln̕ea) 
856 4 0 |u https://app.vlex.com/#/sources/37245  |z Acceso restringido 
942 |c BOOK 
999 0 |a Labor law and social security